Sports Quiz

Random Sports or NFL Quiz

NFL Yardage Leaders by Decade Quiz Stats

Quiz Updated Apr 20, 2017

Challenge
Share
Tweet
Embed
Score 0/90 Timer 12:00
5 Plays Today
Category Player % Correct
Passing 2000sPeyton Manning
97.3%
Passing 1990sBrett Favre
96.3%
Passing 2000sBrett Favre
96.3%
Passing 2000sTom Brady
96.1%
Passing 1980sJoe Montana
95.8%
Passing 1980sDan Marino
95.7%
Passing 1990sDan Marino
95.7%
Passing 2000sDrew Brees
93.8%
Rushing 1990sEmmitt Smith
93.4%
Passing 1980sJohn Elway
92.2%
Passing 1990sJohn Elway
92.2%
Passing 2000sKurt Warner
91.6%
Passing 1990sSteve Young
91.5%
Passing 2000sDonovan McNabb
91.5%
Rushing 1980sCurt Warner
91.3%
Receiving 1990sJerry Rice
90.9%
Rushing 2000sLaDainian Tomlinson
90.5%
Passing 1990sTroy Aikman
90.2%
Rushing 1990sBarry Sanders
88.6%
Receiving 2000sRandy Moss
87.1%
Receiving 2000sChad Ochocinco
86.3%
Passing 1990sWarren Moon
84.7%
Receiving 2000sMarvin Harrison
83.8%
Passing 2000sMatt Hasselbeck
83.6%
Passing 1990sDrew Bledsoe
83.4%
Receiving 2000sTerrell Owens
82.9%
Rushing 2000sTiki Barber
81%
Rushing 1980sWalter Payton
80.9%
Rushing 2000sEdgerrin James
80.5%
Receiving 2000sReggie Wayne
79.8%
Category Player % Correct
Receiving 1990sMichael Irvin
79.7%
Passing 1980sDan Fouts
79.4%
Passing 1980sPhil Simms
79.3%
Passing 2000sTrent Green
79%
Rushing 2000sAhman Green
78.9%
Receiving 1980sRoy Green
78.8%
Rushing 2000sJamal Lewis
78.3%
Receiving 2000sHines Ward
77.9%
Receiving 2000sTorry Holt
77.8%
Rushing 2000sShaun Alexander
77.3%
Receiving 1990sCris Carter
76.6%
Passing 2000sDaunte Culpepper
75.7%
Rushing 1990sThurman Thomas
75.5%
Rushing 2000sClinton Portis
75.1%
Rushing 1990sJerome Bettis
74.7%
Rushing 1980sEric Dickerson
74.5%
Rushing 1990sTerrell Davis
74.3%
Receiving 1990sTim Brown
74%
Rushing 1990sMarshall Faulk
74%
Passing 2000sKerry Collins
74%
Rushing 2000sFred Taylor
71.6%
Receiving 2000sIsaac Bruce
70.8%
Passing 1990sVinny Testaverde
70.3%
Rushing 2000sThomas Jones
68.8%
Receiving 2000sTony Gonzalez
67.4%
Rushing 2000sWarrick Dunn
66%
Rushing 1980sMarcus Allen
62.4%
Rushing 1990sTerry Allen
62.2%
Receiving 1990sAndre Reed
58.1%
Passing 1980sDanny White
57.7%
Category Player % Correct
Receiving 1980sSteve Largent
56.9%
Passing 1990sJeff George
56.6%
Rushing 1980sOttis Anderson
54.7%
Rushing 1990sRicky Watters
54.6%
Rushing 1980sTony Dorsett
52.3%
Receiving 1990sTony Martin
50.5%
Receiving 2000sDerrick Mason
50.3%
Receiving 1980sArt Monk
48.9%
Rushing 1980sRoger Craig
48.7%
Receiving 1990sHerman Moore
45.4%
Receiving 1990sRob Moore
45.3%
Passing 1980sDave Krieg
44.2%
Receiving 1980sMark Clayton
41.1%
Passing 1980sRon Jaworski
38.3%
Receiving 1990sAndre Rison
37.9%
Receiving 1980sJames Lofton
33.9%
Passing 1990sJim Everett
33.3%
Receiving 1980sDwight Clark
33.2%
Receiving 1990sIrving Fryar
32.2%
Receiving 1980sCris Collinsworth
30%
Passing 1980sNeil Lomax
29.7%
Rushing 1980sGerald Riggs
28.7%
Passing 1980sTommy Kramer
25.6%
Rushing 1990sRodney Hampton
22.7%
Rushing 1980sFreeman McNeil
21.9%
Rushing 1990sChris Warren
21.3%
Rushing 1980sGeorge Rogers
19.3%
Receiving 1980sWes Chandler
17.5%
Receiving 1980sStanley Morgan
15.5%
Receiving 1980sDrew Hill
14.2%

You're not logged in!

Compare scores with friends on all Sporcle quizzes.
Sign Up with Email
OR
Log In

You Might Also Like...

Show Comments

Extras

Top Quizzes Today


Score Distribution

Your Account Isn't Verified!

In order to create a playlist on Sporcle, you need to verify the email address you used during registration. Go to your Sporcle Settings to finish the process.